000 00778nam a2200205Ia 4500
005 20241129111341.0
008 241129s9999||||xx |||||||||||||| ||und||
037 _aTB
040 _aCRL
_bpun
_cCRL
041 _apun
_2pun
084 _aY73(P153):351 153P3;Q1
_qCRL
100 _aਕੈਰੋਂ, ਜੋਗਿੰਦਰ ਸਿੰਘ, ਚ।
245 0 _aਲੋਕ ਕਹਾਣੀਆਂ
_cਕੈਰੋਂ, ਜੋਗਿੰਦਰ ਸਿੰਘ, ਚ।
260 _aਅੰਮ੍ਰਿਤਸਰ, ਭਾਰਤ
_bਅੰਮ੍ਰਿਤਸਰ ਗੁਰੂ ਨਾਨਕ ਦੇਵ ਯੂਨੀਵਰਸਿਟੀ
_c2011
300 _a142ਪ੍ਰ0
365 _aINR
_b350
650 _aSociology
942 _cTB
_hY73(P153):351 153P3;Q1
999 _c1230061
_d1230061